000 00435nam a2200145Ia 4500
005 20260328104247.0
008 260328s9999||||xx |||||||||||||| ||und||
100 _aMelguizo Bermudez, Samuel
245 0 _aFundamentos de Hidraúlica e Instalaciones de Abastos en las Edificaciones /
_cSamuel Melguizo Bermudez
250 _a2a ed.
260 _bUniversidad Nacional de Colombia
300 _a386 p.
650 _aACERO
942 _cBK
999 _c10094
_d10094